| 000 -LEADER |
| fixed length control field |
01317cam a2200421 a 4500 |
| 001 - CONTROL NUMBER |
| control field |
15676077 |
| 003 - CONTROL NUMBER IDENTIFIER |
| control field |
NUST - PNEC |
| 005 - DATE AND TIME OF LATEST TRANSACTION |
| control field |
20170116180846.0 |
| 006 - FIXED-LENGTH DATA ELEMENTS--ADDITIONAL MATERIAL CHARACTERISTICS |
| fixed length control field |
m d |
| 007 - PHYSICAL DESCRIPTION FIXED FIELD--GENERAL INFORMATION |
| fixed length control field |
cr ||||||||||| |
| 008 - FIXED-LENGTH DATA ELEMENTS--GENERAL INFORMATION |
| fixed length control field |
031028s2004 caua sb 001 0 eng d |
| 010 ## - LIBRARY OF CONGRESS CONTROL NUMBER |
| LC control number |
2009659262 |
| 015 ## - NATIONAL BIBLIOGRAPHY NUMBER |
| National bibliography number |
GBA4-Z9898 |
| 020 ## - INTERNATIONAL STANDARD BOOK NUMBER |
| International Standard Book Number |
9786610968251 |
| 020 ## - INTERNATIONAL STANDARD BOOK NUMBER |
| Canceled/invalid ISBN |
0121550893 |
| 020 ## - INTERNATIONAL STANDARD BOOK NUMBER |
| Canceled/invalid ISBN |
0080474667 (electronic bk.) |
| 035 ## - SYSTEM CONTROL NUMBER |
| System control number |
(UK-RwCLS)cis6424593 |
| 037 ## - SOURCE OF ACQUISITION |
| Stock number |
096825 |
| Source of stock number/acquisition |
MIL |
| 040 ## - CATALOGING SOURCE |
| Original cataloging agency |
UK-RwCLS |
| Transcribing agency |
LIBRARY |
| Modifying agency |
DLC |
| 042 ## - AUTHENTICATION CODE |
| Authentication code |
lccopycat |
| 050 00 - LIBRARY OF CONGRESS CALL NUMBER |
| Classification number |
QP624 |
| 082 04 - DEWEY DECIMAL CLASSIFICATION NUMBER |
| Classification number |
572.86 CAL |
| 100 1# - MAIN ENTRY--PERSONAL NAME |
| Personal name |
Calladine, C. R. |
| 245 10 - TITLE STATEMENT |
| Title |
Understanding DNA: the molecule & how it works / |
| Statement of responsibility, etc. |
by Chris R. Calladine ... [et al.]. |
| 250 ## - EDITION STATEMENT |
| Edition statement |
3rd ed. |
| 260 ## - PUBLICATION, DISTRIBUTION, ETC. |
| Place of publication, distribution, etc. |
San Diego, CA : |
| Name of publisher, distributor, etc. |
Elsevier Academic Press, |
| Date of publication, distribution, etc. |
2004. |
| 300 ## - PHYSICAL DESCRIPTION |
| Extent |
xiii, 334 p. : |
| Other physical details |
ill. (some col.)) |
| 500 ## - GENERAL NOTE |
| General note |
Title from e-book title screen (viewed November 15, 2007). |
| 504 ## - BIBLIOGRAPHY, ETC. NOTE |
| Bibliography, etc. note |
Includes bibliographical references and index. |
| 530 ## - ADDITIONAL PHYSICAL FORM AVAILABLE NOTE |
| Additional physical form available note |
Also available in print. |
| 650 #0 - SUBJECT ADDED ENTRY--TOPICAL TERM |
| Topical term or geographic name entry element |
DNA. |
| General subdivision |
ME, General |
| 650 #0 - SUBJECT ADDED ENTRY--TOPICAL TERM |
| Topical term or geographic name entry element |
Molecular biology. |
| 650 12 - SUBJECT ADDED ENTRY--TOPICAL TERM |
| Topical term or geographic name entry element |
DNA. |
| 650 22 - SUBJECT ADDED ENTRY--TOPICAL TERM |
| Topical term or geographic name entry element |
Molecular Biology. |
| 856 40 - ELECTRONIC LOCATION AND ACCESS |
| Public note |
Connect to MyiLibrary resource |
| Uniform Resource Identifier |
<a href="http://www.myilibrary.com?id=96825">http://www.myilibrary.com?id=96825</a> |
| 906 ## - LOCAL DATA ELEMENT F, LDF (RLIN) |
| a |
7 |
| b |
cbc |
| c |
copycat |
| d |
u |
| e |
ncip |
| f |
20 |
| g |
y-gencatlg |
| 942 ## - ADDED ENTRY ELEMENTS (KOHA) |
| Source of classification or shelving scheme |
|
| Koha item type |
Book |